000
00296nam a22001337a 4500
008
260427b ||||| |||| 00| 0 eng d
020
_a
9789951704038
041
_a
Shqip
080
_a
821.1
100
_a
20
101
_a
Tregime
245
_a
Lugjet e Verdha
_c
Rexhep Hoxha
942
_2
udc
_c
BK
999
_c
61001
_d
61001